000 01561nam a2200385 c 4500
003 BLK
005 20180420234937.0
008 180410b bul|||||r ||||||| ||bul||
010 _aKNG00173062000
020 _a1-85715-079-1
_bиздат.: Everyman Publ. plc
040 _aBLK
041 _aENG
_cENG
080 _aПървоначални форми на власт и управление. Господство на семейството. Патриархат. Матриархат. Племе. Вж и 316. 356. 2 ; 392
_b321.11
_x(091)(45)
_z321.11(091)(45)
100 1 _aMachiavelli, Nicolo
_eпърви автор
_9276860
700 1 _aMarriott, W. K.
_etransl. by
_917953
700 1 _aBaker-Smith, Dominic
_eintrod.
_9336749
139 _aMachiavelli, Nicolo
_bM 13
245 1 0 _aThe Prince
_cNicolo Machiavelli; transl. by W. K. Marriott; introd. Dominic Baker-Smith.
257 _aITA
260 London
_bEveryman Publ. plc
_c1992
300 _a192 c.
_c20 cm
380 _a3
650 4 _aОбществено-политически учения
_9273450
650 4 _aДържава - теория и философия
_9244542
650 4 _aВласт - теория и философия
_9252452
653 _aполитически учения
653 _aобществено устройство
653 _aдържавно устройство
653 _aвласт
852 _aЦб 203066
856 4 _qpdf
_u
856 4 _qpdf
_u
942 _cKNG
_n0
944 _aCR
_c16.03.2015
_kТеодора_Стоянова
944 _aED
_c16.03.2015
_kТеодора_Стоянова
999 _c165452
_d165452